Obálka Náhled e-knihy:
PDF Epub
Pro půjčování e-knih musíte být přihlášeni.
Jak si půjčit online?

Vekslačka /

Román z poválečného a normalizačního Československa z pera oblíbené české autorky.

Uloženo v:
Hlavní autor: Wilková, Scarlett, 1969- (Autor)
Médium: E-kniha
Jazyk:Czech
Vydáno: V Praze : Motto, 2025
Vydání:1. vydání
Témata:
Tagy:
Žádné tagy
LEADER 02183nam a2200397 i 4500
001 312661
003 CZ PrSKC
005 20260601215726.0
007 ta
008 250314s2025 xr g 000 f cze
015 |a cnb003676737 
020 |a 9788026728061  |q (vázáno) :  |c Kč 429,00 
035 |a (OCoLC)1519102408 
040 |a ABG001  |b cze  |e rda 
072 7 |a 821.162.3-3  |x Česká próza  |2 Konspekt 
080 |a 821.162.3-31  |2 MRF 
080 |a (0:82-311.4)  |2 MRF 
100 1 |a Wilková, Scarlett,  |d 1969-  |7 xx0067867  |4 aut 
245 1 0 |a Vekslačka /  |c Scarlett Wilková 
250 |a 1. vydání 
264 1 |a V Praze :  |b Motto,  |c 2025 
300 |a 312 stran ;  |c 21 cm 
336 |a text  |b txt  |2 rdacontent 
337 |a bez média  |b n  |2 rdamedia 
338 |a svazek  |b nc  |2 rdacarrier 
520 2 |a Román z poválečného a normalizačního Československa z pera oblíbené české autorky.  |b Když bylo Almě třináct, v poválečném Československu byla vyhlášena měnová reforma a její rodinu to zničilo. Doktorská dcerka zvyklá na život ve velké vile se najednou ocitla v maličkém přízemním bytě se dvěma babičkami a špatným kádrovým profilem. Alma ale nebyla holka, co sedává s rukama v klíně. Tohle je její příběh. Příběh ženy, která se v časech totality vlastními silami vydrápala mezi nejbohatší stínovou elitu. Žila v pohádkovém luxusu, ale nejvíc toužila po něčem, co nejde koupit. Nakladatelská anotace. Kráceno. 
655 7 |a české romány  |7 fd133974  |2 czenas 
655 7 |a společenské romány  |7 fd760851  |2 czenas 
655 9 |a Czech fiction  |2 eczenas 
655 9 |a social novels  |2 eczenas 
900 |a ABA001  |b 19 
928 9 |a Albatros Media - Motto 
044 |a xr 
910 |a RBIT002 
998 |d 417691  |a https://core.palmknihy.cz/api/books/417691/cover?ssqv0i  |b https://core.palmknihy.cz/api/books/417691/cover/400?ssqv0i  |c https://core.palmknihy.cz/api/books/417691/cover/50?ssqv0i  |e 2035-12-31  |g 320  |i 9788026728061  |j https://core.palmknihy.cz/api/books/417691/preview.epub  |k https://core.palmknihy.cz/api/books/417691/preview.pdf  |l   |q 49  |r 1  |s https://www.palmknihy.cz/kniha/417691  |t ebook  |y 2025  |z 0 
999 |d 312659